Налоговая система в Римской империи (Запись № 4036905)

Подробности
000 -МАРКЕР
контрольное поле 02018nam0a2200373 4500
001 - ИДЕНТИФИКАТОР ЗАПИСИ
контрольное поле RU\NLR\bibl\1988503
005 - ИДЕНТИФИКАТОР ВЕРСИИ
контрольное поле 20260406070543.0
010 ## - МЕЖДУНАРОДНЫЙ СТАНДАРТНЫЙ НОМЕР КНИГИ (ISBN)
Номер (ISBN) 978-5-397-03283-4
021 ## - НОМЕР ГОСУДАРСТВЕННОЙ РЕГИСТРАЦИИ
Код страны Российская Федерация
Номер 2012-100390
Номер Листа государственной регистраци 7407
035 ## - ДРУГИЕ СИСТЕМНЫЕ НОМЕРА
Идентификатор записи (NLR Aleph) 001977065
100 ## - ДАННЫЕ ОБЩЕЙ ОБРАБОТКИ
Данные общей обработки 20130118d2013 |||y0rusy50 ca
101 1# - ЯЗЫК РЕСУРСА
Язык текста, звукозаписи и т.д. русский
Язык оригинала немецкий
102 ## - СТРАНА ПУБЛИКАЦИИ ИЛИ ПРОИЗВОДСТВА
Страна публикации Российская Федерация
105 ## - ПОЛЕ КОДИРОВАННЫХ ДАННЫХ: ТЕКСТОВЫЕ МАТЕРИАЛЫ, МОНОГРАФИЧЕСКИЕ
Кодированные данные о монографическом текстовом документе y |||||||||
200 1# - ЗАГЛАВИЕ И СВЕДЕНИЯ ОБ ОТВЕТСТВЕННОСТИ
Основное заглавие Налоговая система в Римской империи
Сведения, относящиеся к заглавию [правление Августа, от Августа до Каракаллы, от Каракаллы до Диоклетиана]
Первые сведения об ответственности К.И. Родбертус-Ягецов
Последующие сведения об ответственности пер. с нем. под ред. и с предисл. И.Т. Тарасова
210 ## - ПУБЛИКАЦИЯ, РАСПРОСТРАНЕНИЕ И ДР.
Место издания, распространения и т.д. Москва
Имя издателя, распространителя и т. д. URSS
-- Либроком
Дата издания, распространения и т.д. 2013
215 ## - ФИЗИЧЕСКАЯ ХАРАКТЕРИСТИКА
Специфическое обозначение материала и объем 566 с.
Размеры 22
225 1# - СЕРИЯ
Основное заглавие серии Классика политэкономической мысли
300 ## - ОБЩИЕ ПРИМЕЧАНИЯ
Текст примечания На 4-й с. обл. авт.: К.И. Родбертус-Ягецов - нем. экономист, историк и полит. деятель
606 1# - НАИМЕНОВАНИЕ ТЕМЫ КАК ПРЕДМЕТ
Наименование темы Налоговая система
Географический подзаголовок Римская империя
Системный номер авторитетной/нормативной записи 2133886
Идентификатор авторитетной/нормативной записи RU\NLR\auth\661591214
606 1# - НАИМЕНОВАНИЕ ТЕМЫ КАК ПРЕДМЕТ
Наименование темы Экономические учения
Географический подзаголовок Германия
Хронологический подзаголовок 19 в.
Системный номер авторитетной/нормативной записи 2630659
Идентификатор авторитетной/нормативной записи RU\NLR\auth\661567219
686 ## - ИНДЕКСЫ ДРУГИХ КЛАССИФИКАЦИЙ
Индекс У02(4Г)51-167
686 ## - ИНДЕКСЫ ДРУГИХ КЛАССИФИКАЦИЙ
Индекс У26(0)141.3
700 #1 - ИМЯ ЛИЦА - ПЕРВИЧНАЯ ОТВЕТСТВЕННОСТЬ
Код отношения Автор
Материалы, к которым относится поле rus
Графика поля Кириллица
Начальный элемент ввода Родбертус-Ягецов
Часть имени, кроме начального элемента ввода К. И.
Даты 1805-1875
Расширение инициалов личного имени Карл Иоганн
Идентификатор авторитетной/нормативной записи RU\NLR\auth\7769978
Системный номер авторитетной/нормативной записи 52906
702 #0 - ИМЯ ЛИЦА - ВТОРИЧНАЯ ОТВЕТСТВЕННОСТЬ
Код отношения Прочие
Материалы, к которым относится поле rus
Графика поля Кириллица
Начальный элемент ввода Август
Дополнения к именам, кроме дат император римский
Даты 63 до н.э.-14 н.э.
Идентификатор авторитетной/нормативной записи RU\NLR\auth\7715780
Системный номер авторитетной/нормативной записи 125428
702 #0 - ИМЯ ЛИЦА - ВТОРИЧНАЯ ОТВЕТСТВЕННОСТЬ
Код отношения Прочие
Материалы, к которым относится поле rus
Графика поля Кириллица
Начальный элемент ввода Каракалла
Дополнения к именам, кроме дат император римский
Даты 186-217
Идентификатор авторитетной/нормативной записи RU\NLR\AUTH\77119765
Системный номер авторитетной/нормативной записи 102690
702 #0 - ИМЯ ЛИЦА - ВТОРИЧНАЯ ОТВЕТСТВЕННОСТЬ
Код отношения Прочие
Материалы, к которым относится поле rus
Графика поля Кириллица
Начальный элемент ввода Диоклетиан
Дополнения к именам, кроме дат император римский
Даты 243-ок.313
Идентификатор авторитетной/нормативной записи RU\NLR\AUTH\779701
Системный номер авторитетной/нормативной записи 119513
801 #0 - ИСТОЧНИК ЗАПИСИ
Страна Российская Федерация
Организация NLR
Дата составления 20130118
Правила каталогизации RCR
801 #1 - ИСТОЧНИК ЗАПИСИ
Страна Российская Федерация
Организация NLR
Дата составления 20130118
942 ## - ДОПОЛНИТЕЛЬНЫЕ ЭЛЕМЕНТЫ ЗАПИСИ (АБИС)
Тип экземпляра АБИС Книга
980 ## - КОЛЛЕКЦИЯ
Название коллекции Национальная библиография
Экземпляры
Тип экземпляра Дата поступления Источник поступления Библиотека постоянного хранения Библиотека текущего хранения Место хранения Шифр хранения Штрих-код Статус экземпляра Стоимость
Книга 18.01.2013 Обязательный экземпляр РНБ (Московский) РНБ (Московский) Русский книжный фонд: издания с 1957 года 2013-5/339 1-1510204    
Книга 18.01.2013 Обязательный экземпляр РНБ (Московский) РНБ (Московский) Русский книжный фонд: издания с 1957 года 2013-5/339 3806548    
Книга 14.06.2013 Покупка РНБ (Московский) РНБ (Московский) Фонд общего зала социально-экономической литературы С1 У02(0)/Р-600 1-94982   612.00